Vainqueurs de la C.A.N - Statistiques

Statistiques générales
  • Ce quiz a été pris 77 fois
  • Le résultat moyen est 27 sur 33
Statistiques - réponses
Hint Réponse % Correct
1957 Egypte
97%
2021 Algérie
96%
1990 Algérie
93%
1959 Egypte
93%
2017 Cameroun
91%
1986 Egypte
91%
2019 Sénégal
91%
1998 Egypte
90%
2006 Egypte
90%
2010 Egypte
90%
1976 Maroc
90%
1988 Cameroun
88%
2008 Egypte
88%
2004 Tunisie
88%
1984 Cameroun
87%
2000 Cameroun
87%
2015 Cote d'Ivoire
87%
2002 Cameroun
86%
1992 Cote d'Ivoire
83%
1996 Afrique du Sud
81%
1963 Ghana
81%
1978 Ghana
81%
1965 Ghana
80%
1982 Ghana
80%
1980 Nigeria
80%
2012 Zambie
80%
1968 Congo
78%
1972 Congo
78%
1994 Nigéria
78%
2013 Nigéria
78%
1970 Soudan
61%
1962 Ethiopie
59%
1974 Zaïre
32%
Aucun quiz correspondant
Distribution des résultats
% des personnes avec chaque résultat
Percentile par nombre de réponses
Votre historique - résultats
Vous n’avez pas pris ce quiz